00646nam a2200217Ia 4500003000900000008004100009040001300050040001300063041000800076100002600084245002500110250001100135260002100146260000900167300001100176300001000187490000600197942000700203999001700210952020100227IT-RoPAU120407s9999 xx 000 0 und d aIT-RoPAU cIT-RoPAU aita aCaio Sallustio Crispo aLa guerra giugurtina aMilano aCarlo Signorelli c1944 a205 p. c19 cm v1 cBK c28561d28561 00102ddc406870_68000000000000071aPAULUSbPAULUSd2012-04-11l0o870.68r2012-04-11 00:00:00w2012-04-11yBKzInserito da: Giancarlo In data: 24 ottobre 2011 fondo: Via A.Severo 56 Progr:19737